00966na a2200289 450000100060000000300080000600500170001400800410003102000180007203500100009004000250010004100080012508200200013324501380015326000660029130000190035749000190037649000530039550000150044865000230046365000210048665000520050765000570055965000180061665000180063470000240065214539MIRAKIL20181213155256.0161101b tu 000 0  a9786053993414 a14539 aMilasbturcTR-AnCHP atur a323.6bY86 2014 aYurttaşlığı yeniden düşünmekbsosyolojik, hukuki ve siyasal tartışmalarcderleyenler Ayşe Durakbaşa ...[ve öte.] aİstanbulbİstanbul Bilgi Üniversitesi Yayınlarıc2014 a409 s.c23 sm. aSosyoloji v18 aİstanbul Bilgi Üniversitesi yayınlarıv471 aDizin var. aKimlik politikası aİnsan hakları aDış ilişkilerxAvrupa BirliğizTürkiye aYurttaşlıkxKarşı kültür çalışmaları aUlusalcılık aYurttaşlık aDurakbaşa, Ayşe